The future of political Islam (Record no. 187606)
[ view plain ]
| 000 -LEADER | |
|---|---|
| fixed length control field | 01226nam a2200325Ia 4500 |
| 100 1# - MAIN ENTRY--AUTHOR NAME | |
| Personal name | Fuller, Graham E., |
| 245 14 - TITLE STATEMENT | |
| Title | The future of political Islam |
| 260 ## - PUBLICATION, DISTRIBUTION, ETC. (IMPRINT) | |
| Place of publication | New York : |
| Name of publisher | Palgrave Macmillan, |
| Year of publication | 2003. |
| 300 ## - PHYSICAL DESCRIPTION | |
| Number of Pages | xix, 227 p. |
| 650 #0 - SUBJECT ADDED ENTRY--TOPICAL TERM | |
| Topical Term | Islam and politics |
| Topical Term | Islamic fundamentalism. |
| Topical Term | East and West. |
| 856 40 - ELECTRONIC LOCATION AND ACCESS | |
| Uniform Resource Identifier | http://site.ebrary.com/lib/rucke/Doc?id=10135449 |
No items available.
